| 000 | 00322nam a2200121Ia 4500 | ||
|---|---|---|---|
| 005 | 20251222144748.0 | ||
| 008 | 251222s9999||||xx |||||||||||||| ||spa|| | ||
| 020 | _a84-398-2399-1 | ||
| 082 | _a262.4/E69 | ||
| 245 | 0 | _aOraciones de la MaƱana | |
| 264 | _bEquipo de Pastoral Marista de la Provincia de Madrid | ||
| 942 | _cLIB | ||
| 999 |
_c19220 _d19220 |
||